Quizzes
Events
Quiz Creation
Community
Videos
Private Events
Remove Ads
Sign In
Join for FREE
Feedback
Dark Mode
Quiz Categories
Sports
Geography
Music
Movies
Television
Just For Fun
Miscellaneous
History
Literature
Language
Science
Gaming
Entertainment
Religion
Holiday
For Kids
Quiz Lab
Recent
Popular Today
Quiz Kudos Today
Editor Picks
Curator Picks
Quizzes by...
Day
Popularity
Type
Ratings
Length
Year
Community
Subscriptions
Recent Discussions
Orange Saloon
Badges
Playlists
Quests
Create
Leaderboards
Showdown
Live 5
Trivia Bingo
Activity
Puzzle Library
Sporcle Events
Private Events
Virtual Trivia
Globe League
Become a Host
Pub Owners
SporcleCon
Opinionation
Our Games
Videos
Blog
Mobile Apps
Partnerships
Remove Ads and Go Orange
Feedback
Sports
Athletes
MLB
NBA
NHL
NFL
Soccer
Sports Teams
WWE
NCAA
Football
Premier League
Basketball
Baseball
Hockey
Golf
Tennis
Cricket
Rugby
Auto Racing
Olympics
World Cup
Sports
Athletes
MLB
NBA
NHL
NFL
Soccer
Sports Teams
WWE
NCAA
Football
Premier League
Basketball
Baseball
Hockey
Golf
Tennis
Cricket
Rugby
Auto Racing
Olympics
World Cup
Random Quiz
Search Sporcle
×
Quiz Lab
Quiz Lab
Sports
College
Type in answers that appear in a list
Type in answers that appear in a list
Classic
Best Score? Go Orange.
The Greatest in College Football Stats
Can you name the The Top 10 Greatest ____ in College Football?
By
mrmet1122
10m
40 Questions
897 Plays
897 Plays
897 Plays
Comments
Comments
Give Quiz Kudos
Give Quiz Kudos
-
- Ratings
hide this ad
More Info
Replay
Link that replays current quiz
Next Quiz
Link to next quiz in quiz playlist
You Got
0%
They Got
Avg Score
50%
Avg Friend Score
Upgrade to see
Score Distribution
Jump to the score distribution portion of the page
Score
0/40
Timer
10:00
0
Plays Today
Top 10...
Player
% Correct
Quarterbacks
Archie Manning, Peyton Manning, & Eli Manning
95.9%
Running Backs
Barry Sanders
80.2%
Defenders
Deion Sanders
79.5%
Running Backs
Herschel Walker
79.3%
Running Backs
Reggie Bush
76.3%
Quarterbacks
Doug Flutie
75%
Running Backs
O.J. Simpson
72.4%
Quarterbacks
John Elway
72.2%
Running Backs
Bo Jackson
71%
Rivalries
Alabama vs. Auburn
70.6%
Rivalries
Michigan vs. Ohio State
70.6%
Rivalries
Oklahoma vs. Texas
69.5%
Rivalries
Harvard vs. Yale
68.6%
Quarterbacks
Roger Staubach
68.3%
Rivalries
Florida vs. Georgia
67.4%
Quarterbacks
Joe Montana
67%
Rivalries
Notre Dame vs. USC
66.8%
Quarterbacks
Matt Leinart
66.1%
Rivalries
Army vs. Navy
61.9%
Running Backs
Archie Griffin
60.5%
Top 10...
Player
% Correct
Rivalries
Florida State vs. Miami
56.4%
Quarterbacks
Ty Detmer
53.6%
Running Backs
Earl Campbell
47.8%
Defenders
Dick Butkus
42.3%
Quarterbacks
Tommy Frazier
41.7%
Running Backs
Harold 'Red' Grange
38.9%
Quarterbacks
Ken Dorsey
36.8%
Defenders
Lawrence Taylor
35.3%
Quarterbacks
Sammy Baugh
34%
Running Backs
Doc Blanchard & Glen Davis
31.2%
Defenders
Hugh Green
28.5%
Defenders
Brian Bosworth
27.5%
Running Backs
'The Four Horsemen'
24.7%
Defenders
Ronnie Lott
20.2%
Rivalries
Grambling vs. Southern
19.1%
Defenders
Lucius, Lee Roy, & Dewey Selmon
16.9%
Defenders
Jack Tatum
8.1%
Defenders
Lee Roy Jordan
5.2%
Rivalries
Lafayette vs. Lehigh
4.6%
Defenders
'The Bermuda Triangle'
2.1%
Quiz Playlist
Details
Report
Send in Message
Add To Playlist
More Info:
This list is taken from ESPNU's Honor Roll series. For rivalries, listing one of the two teams involved is enough. * = Group Nickname
Classic:
Type in answers that appear in a list
Last Updated: Feb 16, 2017
Quiz Scoreboard
CHALLENGE
Sign Up to Join the Scoreboard
Show All
Scores
Hide
Comments
May contain spoilers
Recently Published
College Basketball Coaching Resumes
by pancakes188
Sports
9m
Billboard Blitz: Fleetwood Mac
by CooCooCachoo
Music
15s
Presidents Visiting Landmarks
by Hejman
History
7m
More to Explore
Quiz From the Vault
Featured Blog Post
Where Did the Easter Bunny Come From?
hide this ad
You Might Also Like...
Tags
College Quiz
Football Quiz
greatest
NCAA Football
Player
school
Top 10
Today's Top Quizzes in Sports
Browse Sports
hide this ad
Today's Top Quizzes in College
Browse College
Top Contributed Quizzes in Sports
1
2022 World Cup Stars
2
Les meilleurs buteurs des matchs entre le PSG et l’OM
3
FIFA Club World Cup Champions
4
Les entraîneurs de l'OM et du PSG au 21e siècle
5
Criteria MLB: Left Handed Sluggers
6
AFC Teams Reveal (Wrong Answers Minefield)
7
2023 MLB Unique Player Accomplishments
8
Players with Multiple 50 Home Run Seasons
9
5-to-1: FBS Animal Nicknames
10
5-to-1: UK Sports Teams
Explore More
Trending Topics
Harry Potter
Disney
Anime
Crossword
Marvel
Kpop
NBA
WWE
Country
The Office
Soccer
Pokémon
Puzzle
Song
NFL
hide this ad
More By:
mrmet1122
Quiz
Plays
Rating
Category
Featured
Created
The Greatest in College Football
897
2.33
Sports
Oct 4, 2010
Halloween Horror Nights
304
4.00
Holiday
Oct 4, 2010
Go to Creator's Profile
Score Distribution
Quiz Creator Spotlight
mrmet1122
Follow
Send a Message
Quizzes Created
-
Created Quiz Play Count
-
More By This Creator
Popular Quizzes Today
1
Find the US States - No Outlines Minefield
2
Find the Countries of Europe - No Outlines Minefield
3
The Countries of the World
4
Find the US States
5
Risky Map Clicking: Biggest States A-Z
6
US States
7
Popular People in 1961
8
Movies - When Are They Set?
More Sports Quizzes
MLB Career Pies
Published
Trending Quizzes
Risky Map Clicking: Least Populous States A-Z
1-10 Letter G Words
1-10 Letter F Words
Risky Map Clicking: Next State Alphabetically
Risky Map Clicking: Biggest States A-Z
Recently Updated
Leaping Animals
pecheneg
Reality TV Shows (A-Z)
bhenderson79
Rickey Henderson's Hall of Fame Teammates
pecheneg
Champions League XIs: Arsenal
pecheneg
Quick Pick: Celebrities in WWE's Hall of Fame
aduchscher
A-Z Keypad Blitz II
pecheneg
Multiple Oscar Actors
pecheneg
Mystery Phrase Blitz: Oscar 'Best Actors'
pecheneg
F. Scott Fitzgerald Novels
LTH
Pick 3 Villains
ddd62291
Trending Topics
Kpop
NBA
Marvel
Disney
Harry Potter
Anime
Crossword
The Office
Song
Puzzle
WWE
Pokémon
NFL
Soccer
Country
Your Account Isn't Verified!
In order to create a playlist on Sporcle, you need to verify the email address you used during registration. Go to your
Sporcle Settings
to finish the process.
Report this User
Report this user for behavior that violates our
Community Guidelines
.
Details:
Send Report
Go to the Sporcle.com Mobile Site →
Comments